Los bilingües y el castellano en el Perú.

Trabajo de investigación en el que se entrega la versión castellana de su disertación presentada para cumplir los requisitos del Ph. En el departamento de lingüística de SUNY en Buffalo en 1907. El tema central es el castellano bilingüe de migrantes y quechuahablantes en Lima, Perú

Detalles Bibliográficos
Autor principal: Escobar, Anna María
Formato: Libro
Lenguaje:inglés
Publicado: Lima Instituto de Estudios Peruanos 1990
Colección:Lengua y sociedad 12
Materias:

MARC

LEADER 00000cam a2200000 a 4500
001 006259
003 UAHC_CL
005 20170803120226.0
008 020826b xx j 000 1 eng
040 |a UAHC_CL  |c UAHC_CL  |d UAHC_CL 
100 1 |a Escobar, Anna María 
245 1 4 |a Los bilingües y el castellano en el Perú. 
260 |b Instituto de Estudios Peruanos  |a Lima  |c 1990 
300 |a 238 p. 
490 0 |a Lengua y sociedad  |v 12 
520 |a Trabajo de investigación en el que se entrega la versión castellana de su disertación presentada para cumplir los requisitos del Ph. En el departamento de lingüística de SUNY en Buffalo en 1907. El tema central es el castellano bilingüe de migrantes y quechuahablantes en Lima, Perú 
650 4 |a BILINGUISMO 
650 4 |a LENGUAJE Y LENGUAS 
650 4 |a INDIOS DE LA REGION ANDINA  |x QUECHUAS  |z PERU 
900 |a 306.446 ESC 
942 |c BK 
952 |0 0  |1 0  |4 0  |6 306_446000000000000_ESC  |7 0  |8 General  |9 13702  |a BC  |b BC  |c General  |d 2017-08-03  |l 0  |o 306.446 ESC  |p 1328576  |r 2026-01-13 00:00:00  |t 1  |w 2017-08-03  |y BK 
999 |c 6259  |d 6259